000 00337pab a2200145 454500
008 180718b2005 xxu||||| |||| 00| 0 eng d
100 _aReddy, Y.R.K.
245 _aA quartet on administrative reform
260 _c2005
300 _ap.15-19.
362 _aAug
650 _aAdministrative reform
773 _aYojana
909 _a66251
999 _c66251
_d66251